A diary of darkness : the wartime diary of Kiyosawa Kiyoshi /

Dettagli Bibliografici
Autore principale: Kiyosawa, Kiyoshi, 1890-1945
Altri autori: Soviak, Eugene, 1927-
Natura: Libro
Lingua:English
Japanese
Pubblicazione: Princeton, N.J. : Princeton University Press, c1999.
Soggetti:
Classic Catalogue: View this record in Classic Catalogue
LEADER 01785nam a2200361 a 4500
001 45769
003 BD-DhAAL
005 20260517141709.0
008 260517t19991980nju 001 0aeng
010 |a  98020063  
020 |a 069100143X 
020 |a 9780691140308 
035 |a 4506362 
040 |a DLC  |c DLC  |d DLC  |d BD-DhAAL 
041 1 |a eng  |h jpn 
043 |a a-ja--- 
050 0 0 |a D811.5  |b .K54313 1999 
082 0 0 |a 940.548252  |2 21 
100 1 |a Kiyosawa, Kiyoshi,  |d 1890-1945.  |9 60820 
240 1 0 |a Ankoku nikki.  |l English 
245 1 2 |a A diary of darkness :  |b the wartime diary of Kiyosawa Kiyoshi /  |c foreword by Marius Jansen ; edited with an introduction by Eugene Soviak ; translated by Eugene Soviak and Kamiyama Tamie. 
260 |a Princeton, N.J. :  |b Princeton University Press,  |c c1999. 
300 |a xx, 391 pages ;  |c 24 cm. 
500 |a Includes index. 
541 |a Donated by Embassy of Japan in Bangladesh, Read Japan Project 2025, The Tokyo Foundation, supported by The Nippon Foundation.   |e 45769 
600 1 0 |a Kiyosawa, Kiyoshi,  |d 1890-1945.  |9 60820 
650 0 |a World War, 1939-1945  |x Personal narratives, Japanese.  |9 60821 
650 0 |a Journalists  |z Japan  |x Diaries.  |9 60822 
700 1 |a Soviak, Eugene,  |d 1927-  |9 60823 
852 1 |a Ayesha Abed Library  |c General Stacks 
942 |2 ddc  |c BK 
999 |c 47973  |d 47973 
952 |0 0  |1 0  |2 ddc  |4 0  |6 940_548252000000000_KIY  |7 0  |9 79220  |a BRACUL  |b BRACUL  |d 2026-05-17  |e Donated by Embassy of Japan in Bangladesh, Read Japan Project 2025, The Tokyo Foundation, supported by The Nippon Foundation.  |l 0  |o 940.548252 KIY  |p 3010045769  |r 2026-05-17  |t 1  |w 2026-05-17  |y BK  |x Donated copy received from Embassy of Japan in Bangladesh, Read Japan Project 2025, The Tokyo Foundation, supported by The Nippon Foundation on 08 April 2026; $39.18